000 00415nam a22001457a 4500
005 20231031072113.0
008 231031b |||||||| |||| 00| 0 eng d
041 _aEnglish
100 _aZuker, MA
_lEnglish
245 _aOntario Small Claims Court Practice /
_cMA Zuker
260 _c1996
300 _bxlv,478 pages ;
_c24,5 cm.
650 _alegal practice
_bLaw
942 _cBK
_6ALISON_BN_VRIES
999 _c163
_d163